000 02104nam a22002777a 4500
003 DO-SdBNP
005 20260305073959.0
007 ta
008 210913e 2009 dr f 001 e spa d
020 _a9789945002331
040 _aDO-SdBNP
_bspa
_cBNPHU
082 4 _bR282e
_aBNPHU
100 1 _aRead Vittini, Mario,
_d1926-2010
_91841
245 1 0 _aEnsayos breves sobre política y democracia /
_cMario Read Vittini ; edición Cándido Gerón
260 _aSanto Domingo :
_bCentenario,
_c2009
300 _av. ;
_c23 cm
500 _aIncluye datos biográficos del autor en las solapas
500 _aLa Bibliioteca posee el v.1
500 _aIncluye índices.
505 _tPresentación.--
_tIntroducción.--
_tNociones preliminares.--
_tLa persona humana.--
_tLa gente y el pueblo.--
_tEl albedrío.--
_tLa igualdad.--
_tEl civismo.--
_tEl estado.--
_tLa sociedad civil.--
_tLa política.--
_tEl objeto de la política.--
_tEl bien común.--
_tPolítica total.--
_tEl pluralismo político.--
_tLa perspectiva política.--
_tLos mecanismos de la mayoría.--
_tLa libertad.--
_tSoberanía e independencia.--
_tEl político.--
_tLa ley.--
_tel orden.--
_tLa satisfacción.--
_tLo más importante del mundo.--
_tLibertad de expresión, de tránsito y de reunión.--
_tLa voluntad política.
505 _tInconformidad y voluntad de cambio.--
_tLa discrepancia.--
_tLos intelectuales y la política.--
_tReligión y política.--
_tDoctrina, programas, planes y proyectos.--
_tLa ideología.--
_tLa acción política.--
_tEstrategia y táctica.--
_tLogística y economía.--
_tEl proceso político.--
_tInformación y comunicación (desinformación-contrainformación)
_tMensajes, metamensajes, slogans y consignas (afiches y graffitis).--
_tPropaganda y agitación (La contra-propaganda)
_tLa cortesanía.--
_tServilismo, sumisión y oportunismo.--
_tLas matemáticas políticas.--
_tEl tiempo.--
_tApoliticidad y neutralidad (El pecado de la abstención).--
_tÍndice de obras completa.--
_tÍndice onomástico.
590 _aInventariado 2021 / BT
700 1 2 _aGerón, Candido,
_d1948-
_eed.
_93577
910 _aBtavárez
942 _2ddc
_cLBS1
999 _c50479
_d50479